| 000 | 00643cam a2200229 i 4500 | ||
|---|---|---|---|
| 001 | 881147 | ||
| 005 | 20180205083429.0 | ||
| 008 | 801212s1981 nyu b 101 0 eng | ||
| 010 | _a 80001685 | ||
| 020 | _a0121940802 | ||
| 040 |
_aDLC _cDLC _dDLC |
||
| 041 | _aeng | ||
| 043 | _an-us--- | ||
| 080 | _a338.456136360973 COW | ||
| 082 | 0 | 0 |
_a338.456136360973 COW _219 |
| 100 | _a54 | ||
| 101 | _aEKO | ||
| 245 | 0 | 0 |
_aProductivity measurement in regulated industries / _cedited by Thomas G. Cowing, Rodney E. Stevenson. |
| 504 | _aBibliography: p. 395-407. | ||
| 906 |
_a7 _bcbc _corignew _du _eocip _f19 _gy-gencatlg |
||
| 942 |
_2ddc _cBK |
||
| 999 |
_c41813 _d41813 |
||